| 000 | 00556nam a2200145Ia 4500 | ||
|---|---|---|---|
| 008 | 140724s9999 xx 000 0 und d | ||
| 050 |
_aHF 5415 _b.H557 2012 |
||
| 100 | _aHernandez, Carlo Roberto. | ||
| 245 | 2 |
_aA study on the effectiveness of the marketing strategies of Sarabia Optical in Alabang Town Center / _cCarlo Roberto Hernandez. |
|
| 260 |
_aLas PiƱas, Philippines : _bSouthville International School and Colleges, _cc2012. |
||
| 300 |
_a46 p. : _bcol. Ill. ; _c28 cm. |
||
| 521 | _aHuman Resource Management | ||
| 942 | _cTH | ||
| 999 |
_c229122 _d229122 |
||